LEADER 00890nam a2200253 i 4500 001 991000885639707536 005 20020507102752.0 008 951211s1971 us ||| | eng 020 $a0387808140 035 $ab10143397-39ule_inst 035 $aLE00638569$9ExL 040 $aDip.to Fisica$bita 084 $a621.3.9.1 100 1 $aGschwind, Hans W.$0461616 245 10$aDesign of digital computers :$ban introduction /$cHans W. Gschwind 250 $a1st ed., 6th printing 260 $aNew York :$bSpringer-Verlag,$c1971 300 $a530 p. :$bill. ;$c23 cm. 907 $a.b10143397$b21-09-06$c27-06-02 912 $a991000885639707536 945 $aLE006 621.3.9.1 GSC$g1$i2006000010955$lle006$o-$pE0.00$q-$rl$s- $t0$u0$v0$w0$x0$y.i10170467$z27-06-02 996 $aDesign of digital computers$9186956 997 $aUNISALENTO 998 $ale006$b01-01-95$cm$da $e-$feng$gus $h0$i1